| 000 | 00473nam a22002057a 4500 | ||
|---|---|---|---|
| 005 | 20241011143331.0 | ||
| 008 | 170324b xxu||||| |||| 00| 0 spa d | ||
| 020 | _a9788415171089 | ||
| 041 | _aESP | ||
| 082 | _a822.33 S527o | ||
| 100 | _aShakespeare, William | ||
| 245 | _aOtelo | ||
| 260 | _aEspaña | ||
| 260 | _bEdiciones Brontes | ||
| 260 | _c2012 | ||
| 300 | _a119 páginas | ||
| 650 | _aTEATRO INGLÉS | ||
| 650 | _aLITERATURA INGLESA | ||
| 942 |
_cLIT _2ddc |
||
| 999 |
_c9150 _d9150 |
||